Catálogo
 En Linea

Los treinta capítulos y moral filosófica / (Registro nro. 32714)

Detalles MARC
000 -CABECERA
campo de control de longitud fija 00499nam a2200157 a 4500
001 - NÚMERO DE CONTROL
campo de control 000033223
005 - FECHA Y HORA DE LA ÚLTIMA TRANSACCIÓN
campo de control 20200930070116.0
008 - DATOS DE LONGITUD FIJA--INFORMACIÓN GENERAL
campo de control de longitud fija 110823s1917 dr 000 0 spa d
040 ## - FUENTE DE LA CATALOGACIÓN
Centro catalogador/agencia de origen DO-SdBNP
Lengua de catalogación spa
Centro/agencia transcriptor BNPHU
082 ## - NÚMERO DE LA CLASIFICACIÓN DECIMAL DEWEY
Número de clasificación xxx
Número de documento/Ítem C723
100 1# - ENTRADA PRINCIPAL--NOMBRE DE PERSONA
Nombre de persona Colson, Jayme
9 (RLIN) 36520
245 14 - MENCIÓN DE TÍTULO
Título Los treinta capítulos y moral filosófica /
Mención de responsabilidad, etc. Jayme Colson.
246 14 - FORMA VARIANTE DE TÍTULO
Título propio/Titulo breve Los 30 capítulos y moral filosófica
260 ## - PUBLICACIÓN, DISTRIBUCIÓN, ETC.
Lugar de publicación, distribución, etc. Puerto Plata :
Nombre del editor, distribuidor, etc. Talleres Tipográficos Mariano Galve,
Fecha de publicación, distribución, etc. 1917.
300 ## - DESCRIPCIÓN FÍSICA
Extensión 243 p. ;
Dimensiones 20 cm.
Existencias
Estado de retiro Estado de pérdida Restricciones de uso No para préstamo Código de colección Localización permanente Ubicación/localización actual Ubicación en estantería Fecha de adquisición Número de inventario Total de préstamos Signatura topográfica completa Código de barras Fecha visto por última vez Precio válido a partir de Tipo de ítem Koha Nota pública
      Excluido de préstamo Raros y valiosos Patrimonio Dominicano Patrimonio Dominicano En catalogación 23.08.2011 LF1   xxx C723 33223-10 25.06.2020 25.06.2020 No se presta Perteneció a la biblioteca personal de Martínez Boog.

Con tecnología Koha